Gemeinden im Kanton Nidwalden - Statistiken

Allgemein
  • Dieses Quiz wurde 93 mal gespielt
  • Das Durchschnittsergebnis liegt bei 8 aus 11
Antwortstatistiken
Gemeinde % Korrekt
Stans
100%
Buochs
85%
Hergiswil (NW)
78%
Stansstad
78%
Beckenried
76%
Dallenwil
76%
Wolfenschiessen
73%
Ennetbürgen
71%
Oberdorf (NW)
63%
Ennetmoos
59%
Emmetten
56%
Keine übereinstimmenden Quizze gefunden
Verteilung der Resultate
Anzahl Personen mit jedem Resultat
Perzentil nach korrekt beantworteten Fragen
Ihre Resultats-Entwicklung
Sie haben dieses Quiz noch nicht gespielt